| 000 | 01321nam0a2200325 i 4500 | ||
|---|---|---|---|
| 001 | RU\NLR\bibl\1957308 | ||
| 005 | 20241104022933.0 | ||
| 010 |
_a9785851529559 _9100 |
||
| 021 |
_aRU _b2012-73635 _95450 |
||
| 035 | _a(NLR Aleph) 001946379 | ||
| 090 |
_a3635107 _c3635107 |
||
| 100 | _a20121017d2012 k y0rusy50 ca | ||
| 101 | 0 | _arus | |
| 102 | _aRU | ||
| 105 | _ay ||||||||| | ||
| 200 | 1 |
_aО некоторых аспектах деятельности Русской Православной Церкви в условиях современной России как светского государства _eмонография _fЕ.Г. Головин |
|
| 210 |
_aНижний Новгород _cНИУ РАНХиГС _d2012 |
||
| 215 |
_a74 с. _d20 |
||
| 320 | _aБиблиогр.: с. 72-73 | ||
| 601 | 0 | 2 |
_aРусская православная церковь _xПравовой статус _yРоссийская Федерация _92123556 _3RU\NLR\auth\661585768 |
| 686 | _aЭ372.24-62 | ||
| 686 | _aХ620.323.2 | ||
| 700 | 1 |
_aГоловин _bЕ. Г. _gЕвгений Георгиевич _4070 |
|
| 801 | 0 |
_aRU _bNLR _c20121017 _gRCR |
|
| 801 | 1 |
_aRU _bNLR _c20121017 |
|
| 830 | _aАвт. по кн. | ||
| 942 | _cBOOK | ||
| 980 | _aNBR | ||